000 00318nam a2200133 4500
008 191125s2017||||xo d
245 1 0 _aAko sa cíta obraz
250 _a1.vydanie
260 _bModrý Peter
_aBratislava
_c2017
300 _a159s.
020 _a9788089545551
_c16,15
041 1 _aslo
044 _axo
_cSK
999 _c22819
_d22819